Wszystkie piosenki - Rusina - Statystyki

Ogólne statystyki
  • Ten quiz został rozwiązany 671 razy
    395 od ostatniego zresetowania
  • Średni wynik to 23 z 35
Statystyki odpowiedzi
Hint Odpowiedź % Poprawnych
ENERGIA WYGRYWANIA 10 PAK
83%
ENERGIA WYGRYWANIA NA FORACH (feat. Young Igi)
79%
ENERGIA WYGRYWANIA ZEMSTA (feat. White Widow & vkie)
76%
ENERGIA WYGRYWANIA GO!
75%
ostatnie dni przeklętych dni cartier
72%
ENERGIA WYGRYWANIA JENNY (feat. Pikers)
72%
ENERGIA WYGRYWANIA MOLLY
72%
ENERGIA WYGRYWANIA 4 RANO
70%
ostatnie dni przeklętych dni millie
70%
ENERGIA WYGRYWANIA CISZA
69%
ENERGIA WYGRYWANIA TO NIE MIŁOŚĆ
69%
Trapped In Underground Whippin' (feat. vkie)
69%
ostatnie dni przeklętych dni myśli pułapki
68%
ENERGIA WYGRYWANIA JAKOŚ JESTEM
67%
ostatnie dni przeklętych dni setki dróg (feat. Aleshen, vkie, kidzlori & TPS)
67%
ostatnie dni przeklętych dni trzeźwym być
67%
ostatnie dni przeklętych dni wygram albo umrę
66%
ENERGIA WYGRYWANIA PARANOJA (feat. młodyba)
65%
ostatnie dni przeklętych dni nowy $wag (feat. learnhowtohustle)
63%
ENERGIA WYGRYWANIA RÓB KOLACJE MOIM PYSKOM
63%
ENERGIA WYGRYWANIA BESTFRIENDS
62%
ENERGIA WYGRYWANIA BROKE (feat. Koneser)
62%
ostatnie dni przeklętych dni następne dni - bonus track
62%
Trapped In Underground Trapped In Underground
62%
ostatnie dni przeklętych dni czy ty też
61%
ENERGIA WYGRYWANIA W PLANACH
60%
Trapped In Underground Natura (feat. młodyba)
58%
ostatnie dni przeklętych dni pora obudzić się
58%
Trapped In Underground Acta
57%
Trapped In Underground Szminki
57%
Trapped In Underground Dama Z Dobrego Domu
56%
ENERGIA WYGRYWANIA CO JEST W TYM ZŁEGO
54%
Trapped In Underground Rodo
54%
ostatnie dni przeklętych dni mocniej od was czuję
53%
Trapped In Underground Throwback
49%
Nie znaleziono quizów pasujących do podanych kryteriów
Rozkład punktacji
Procent ludzi z każdym wynikiem
Percentyl według liczby udzielonych odpowiedzi
Twoja historia wyników
Nie rozwiązałeś tego quizu od ostatniego zresetowania